[Event "14th Paracin Summer Open"]
[Site "Paracin SRB"]
[Date "2021.07.14"]
[Round "7.3"]
[White "Ter Sahakyan, Samvel"]
[Black "Erigaisi Arjun"]
[Result "1/2-1/2"]
[EventDate "2021.07.09"]
[WhiteElo "2643"]
[BlackElo "2567"]
[PlyCount "102"]

1. e4 e5 2. Nf3 Nf6 3. Nxe5 d6 4. Nf3 Nxe4 5. Nc3 Nxc3 6. dxc3 Be7 7. Be3 O-O 8. Qd2 Nd7 9. O-O-O c6 10. h4 d5 11. Bd3 Nc5 12. Ng5 h6 13. Kb1 Nxd3 14. Qxd3 hxg5 15. hxg5 f5 16. g6 Qe8 17. Bc5 f4 18. g4 Bxg4 19. Rdg1 Bf5 20. Qd1 Bxg6 21. Bxe7 Qxe7 22. Rxg6 Rae8 23. a3 Rf6 24. Rg5 Re6 25. Qg4 Re1+ 26. Rxe1 Qxe1+ 27. Ka2 Qe7 28. Qxf4 Rf8 29. Qg3 Rxf2 30. Rxg7+ Qxg7 31. Qxf2 b6 32. Qf5 Qc7 33. a4 Kg7 34. Qe6 Kf8 35. b3 Kg7 36. Kb2 Kf8 37. b4 Kg7 38. Qf5 Qd8 39. Kb3 Qc7 40. Ka3 Qd8 41. Kb2 Qc7 42. Kb3 Qd8 43. Qf4 Qd7 44. Kb2 Kg6 45. Qd4 Qc7 46. Qh8 Kf5 47. Qh6 c5 48. b5 c4 49. Qh3+ Kf6 50. Qh6+ Kf5 51. Qh3+ 1/2-1/2

[Event "14th Paracin Summer Open"]
[Site "Paracin SRB"]
[Date "2021.07.13"]
[Round "6.1"]
[White "Erigaisi Arjun"]
[Black "Mahammad Muradli"]
[Result "1/2-1/2"]
[EventDate "2021.07.09"]
[WhiteElo "2567"]
[BlackElo "2461"]
[PlyCount "126"]

1. d4 d5 2. c4 e6 3. Nf3 Nf6 4. g3 dxc4 5. Bg2 Bb4+ 6. Bd2 a5 7. a3 Bxd2+ 8. Nbxd2 b5 9. b3 cxb3 10. Qxb3 c6 11. O-O O-O 12. Rfc1 Nbd7 13. Rxc6 Bb7 14. Rcc1 Rb8 15. Qd3 b4 16. axb4 Bxf3 17. Bxf3 axb4 18. Nc4 Qe7 19. Rcb1 Nd5 20. Ra7 Nc3 21. Rb3 Nb5 22. Ra4 Nc3 23. Ra7 Nb5 24. Rb7 e5 25. Rxb8 Rxb8 26. Nxe5 Nxd4 27. Qxd4 Nxe5 28. Bd5 Nd7 29. Qf4 Qf6 30. Qc7 Qd8 31. Qxd8+ Rxd8 32. Rxb4 Nf6 33. Bb3 g6 34. f3 Rd7 35. Kf2 Kg7 36. e4 Rc7 37. Rb5 Nd7 38. Ke2 Rc6 39. Ra5 Rc7 40. h4 h6 41. Bd5 Nf6 42. Ra3 Nh5 43. f4 g5 44. Kf3 Nf6 45. Ba2 gxh4 46. gxh4 Rc1 47. e5 Rf1+ 48. Ke3 Ng4+ 49. Ke4 Re1+ 50. Kd5 Rd1+ 51. Kc5 Rf1 52. Ra7 Rxf4 53. e6 Rf5+ 54. Kd6 Rf6 55. h5 Kf8 56. Ra4 Ne3 57. Re4 Nf5+ 58. Ke5 Ng3 59. Ra4 Rf5+ 60. Kd6 fxe6 61. Bxe6 Rg5 62. Rf4+ Kg7 63. Rf7+ 1/2-1/2

[Event "14th Paracin Summer Open"]
[Site "Paracin SRB"]
[Date "2021.07.13"]
[Round "5.3"]
[White "David Gavrilescu"]
[Black "Erigaisi Arjun"]
[Result "0-1"]
[EventDate "2021.07.09"]
[WhiteElo "2470"]
[BlackElo "2567"]
[PlyCount "100"]

1. e4 c5 2. Nf3 Nf6 3. e5 Nd5 4. Nc3 e6 5. Nxd5 exd5 6. d4 Nc6 7. dxc5 Bxc5 8. Be2 d6 9. exd6 Qxd6 10. O-O O-O 11. c3 Re8 12. Qd3 Bg4 13. Nd4 Bxd4 14. Bxg4 Bb6 15. Bf3 Rad8 16. Bg5 f6 17. Bh4 Ne5 18. Qd1 g5 19. Bg3 f5 20. Bxe5 Rxe5 21. g3 g4 22. Bg2 Qf6 23. Kh1 h5 24. f3 Kg7 25. Qd2 d4 26. cxd4 Rxd4 27. Qc2 Qe6 28. Qc3 Rc4 29. Qd2 Re2 30. Qg5+ Qg6 31. Qxg6+ Kxg6 32. Rfc1 Rxc1+ 33. Rxc1 Rxb2 34. fxg4 hxg4 35. Bd5 Bf2 36. Bb3 Be3 37. Re1 f4 38. gxf4 Bxf4 39. Re7 Rxh2+ 40. Kg1 g3 41. Bd5 Rd2 42. Bxb7 Rxa2 43. Bf3 a5 44. Be2 a4 45. Kg2 Kf6 46. Re8 Bd6 47. Kf3 a3 48. Bc4 Rf2+ 49. Ke4 Rf4+ 50. Kd3 Rxc4 0-1

[Event "14th Paracin Summer Open"]
[Site "Paracin SRB"]
[Date "2021.07.12"]
[Round "4.7"]
[White "Erigaisi Arjun"]
[Black "Uurtsaikh Agibileg"]
[Result "1-0"]
[EventDate "2021.07.09"]
[WhiteElo "2567"]
[BlackElo "2413"]
[PlyCount "114"]

1. d4 Nf6 2. c4 g6 3. Nc3 Bg7 4. e4 d6 5. h3 O-O 6. Be3 e5 7. d5 Na6 8. g4 Nc5 9. f3 a5 10. Nge2 c6 11. Ng3 cxd5 12. cxd5 a4 13. Nb5 Ra5 14. Qd2 b6 15. h4 Ba6 16. Na3 Bxf1 17. Kxf1 b5 18. Nc2 Ra7 19. h5 Rb7 20. Qh2 Bh8 21. Nb4 Qa5 22. Bd2 Rc8 23. Ke2 Kf8 24. Rac1 Ng8 25. g5 Qa8 26. Qh3 Bg7 27. Nf1 Rbc7 28. Ne3 Qb7 29. Rc2 Na6 30. Rhc1 Rxc2 31. Rxc2 Rxc2 32. Nexc2 Nc5 33. Kd1 Ne7 34. hxg6 hxg6 35. Na3 Kg8 36. Qf1 Qd7 37. Nxb5 Bf8 38. Kc2 Kg7 39. Be3 Nb7 40. Nc3 Nc5 41. Bxc5 dxc5 42. Nd3 Qc7 43. Nxa4 Nc8 44. f4 Nd6 45. fxe5 Nxe4 46. Qf4 c4 47. Qxe4 cxd3+ 48. Kxd3 Qc1 49. Nc3 Bc5 50. b4 Qf1+ 51. Kc2 Qf2+ 52. Kb3 Bd4 53. e6 fxe6 54. dxe6 Qd2 55. Qb7+ Kh8 56. Qc8+ Kh7 57. e7 1-0

[Event "14th Paracin Summer Open"]
[Site "Paracin SRB"]
[Date "2021.07.10"]
[Round "2.5"]
[White "Erigaisi Arjun"]
[Black "Read Samadov"]
[Result "1/2-1/2"]
[EventDate "2021.07.09"]
[WhiteElo "2567"]
[BlackElo "2332"]
[PlyCount "82"]

1. e4 c5 2. Nf3 d6 3. d4 cxd4 4. Nxd4 Nf6 5. Nc3 a6 6. Rg1 e5 7. Nb3 Be6 8. g4 d5 9. exd5 Nxd5 10. Nxd5 Qxd5 11. Qxd5 Bxd5 12. Be3 Nc6 13. O-O-O O-O-O 14. Bb6 Rd6 15. g5 Be6 16. Bg2 Rxd1+ 17. Rxd1 Be7 18. Be3 h6 19. gxh6 g5 20. Bc5 Bd8 21. Bd6 Bxb3 22. axb3 Rxh6 23. Be4 Rf6 24. f3 Bc7 25. Bc5 Nd4 26. Rd3 Rh6 27. Rd2 Bd6 28. b4 Kc7 29. Bd5 b6 30. Bxd4 exd4 31. Rxd4 Rxh2 32. Rc4+ Kd7 33. c3 Rh4 34. Rc6 Rh6 35. Kc2 Bf8 36. Rc4 Rh4 37. Be4 Rf4 38. Kd3 Bd6 39. b3 f5 40. Bb7 a5 41. Bc8+ Kd8 1/2-1/2

[Event "14th Paracin Summer Open"]
[Site "Paracin SRB"]
[Date "2021.07.10"]
[Round "3.15"]
[White "Alan-Safar Ramoutar"]
[Black "Erigaisi Arjun"]
[Result "0-1"]
[EventDate "2021.07.09"]
[WhiteElo "2344"]
[BlackElo "2567"]
[PlyCount "74"]

1. e4 e6 2. d4 d5 3. e5 c5 4. c3 Qb6 5. Nf3 Nc6 6. Be2 Nh6 7. Bxh6 gxh6 8. Qd2 Bg7 9. O-O O-O 10. Na3 Bd7 11. Nc2 cxd4 12. cxd4 f6 13. exf6 Rxf6 14. b4 Raf8 15. b5 Ne7 16. Ne5 Be8 17. g3 h5 18. a4 Nf5 19. Bd3 Kh8 20. a5 Qd8 21. a6 b6 22. f4 Qe7 23. Rae1 Qc7 24. Rc1 Qd8 25. Qe2 h4 26. Bxf5 Rxf5 27. Ne3 R5f6 28. N3g4 Bh5 29. Qe3 Rf5 30. Nc6 Qe8 31. Nge5 hxg3 32. hxg3 Bxe5 33. fxe5 Bf3 34. Qf2 Qh5 35. Qh2 Qg5 36. Rc2 Be4 37. Rcf2 Rxf2 0-1

[Event "14th Paracin Summer Open"]
[Site "Paracin SRB"]
[Date "2021.07.09"]
[Round "1.6"]
[White "V Varshini"]
[Black "Erigaisi Arjun"]
[Result "0-1"]
[EventDate "2021.07.09"]
[WhiteElo "2226"]
[BlackElo "2567"]
[PlyCount "106"]

1. e4 c5 2. Nf3 d6 3. d4 cxd4 4. Nxd4 Nf6 5. Nc3 g6 6. Be2 Bg7 7. Be3 O-O 8. O-O Nc6 9. Nb3 Be6 10. f4 Rc8 11. Bf3 a5 12. Rf2 Bc4 13. a4 e5 14. Rd2 exf4 15. Bxf4 Ne8 16. Bg4 Ra8 17. Bxd6 Nxd6 18. Rxd6 Qg5 19. Bf3 Be5 20. Rd7 Qh6 21. g3 Bxc3 22. bxc3 Ne5 23. Rd4 Qe3+ 24. Kg2 Qxc3 25. Be2 Rac8 26. Qd2 Bxe2 27. Qxe2 Qxc2 28. Qxc2 Rxc2+ 29. Rd2 Rfc8 30. Ra2 Rxa2 31. Rxa2 b6 32. Nd2 Rc3 33. Kf1 Ng4 34. Kg2 Kg7 35. Rb2 Rd3 36. Nb1 Rd4 37. Nc3 Rc4 38. Nd5 Rxa4 39. Nxb6 Rxe4 40. Rb5 Rb4 41. Rxb4 axb4 42. Nc4 b3 43. Nb2 f5 44. h3 Nf6 45. Kf3 Ne4 46. g4 Ng5+ 47. Kg3 Kf6 48. h4 Ne6 49. Kf3 Ke5 50. gxf5 Nd4+ 51. Kg3 Nxf5+ 52. Kg4 Kd4 53. Kg5 Nxh4 0-1

[Event "Serbia Chess Open 2021"]
[Site "Belgrade SRB"]
[Date "2021.07.08"]
[Round "9.10"]
[White "Erigaisi Arjun"]
[Black "Marko Nenezic"]
[Result "1-0"]
[EventDate "?"]
[WhiteElo "2567"]
[BlackElo "2531"]
[PlyCount "78"]

1. d4 Nf6 2. c4 d6 3. Nc3 e5 4. d5 g6 5. e4 Bg7 6. h3 Nbd7 7. g4 Nc5 8. Bg2 a5 9. Be3 c6 10. Nge2 cxd5 11. exd5 h5 12. g5 Nh7 13. h4 b6 14. Ng3 Bg4 15. Qc2 O-O 16. Nce4 Rc8 17. Nxc5 bxc5 18. Be4 Rb8 19. f3 Bxf3 20. Bxf3 e4 21. Nxe4 Rxb2 22. Qd3 Re8 23. Rb1 Rxa2 24. Qb3 Ra1 25. Rxa1 Bxa1 26. O-O Be5 27. Bd2 Qc8 28. Kg2 Qc7 29. Bc3 Rb8 30. Qc2 Qe7 31. Re1 Bxc3 32. Qxc3 Qc7 33. Nf6+ Nxf6 34. Qxf6 Rf8 35. Re7 Qb8 36. Bxh5 gxh5 37. g6 Qb1 38. g7 Qc2+ 39. Kf3 Qd3+ 1-0

[Event "Serbia Chess Open 2021"]
[Site "Belgrade SRB"]
[Date "2021.07.07"]
[Round "8.13"]
[White "Felix Blohberger"]
[Black "Erigaisi Arjun"]
[Result "0-1"]
[EventDate "?"]
[WhiteElo "2490"]
[BlackElo "2567"]
[PlyCount "110"]

1. d4 d5 2. c4 e6 3. Nc3 c6 4. Nf3 dxc4 5. e3 b5 6. a4 Bb4 7. Bd2 a5 8. axb5 Bxc3 9. Bxc3 cxb5 10. b3 Bb7 11. bxc4 b4 12. Bb2 Nf6 13. Bd3 Nbd7 14. Qc2 Qc7 15. O-O O-O 16. h3 Rfe8 17. Nd2 a4 18. Rfb1 e5 19. dxe5 Nxe5 20. Be2 b3 21. Qf5 Bc6 22. f3 Ra5 23. Qf4 Nh5 24. Qh4 Ng3 25. Qxg3 Nxf3+ 26. Bxf3 Qxg3 27. Bxc6 Qxe3+ 28. Kh1 Rc8 29. Nf3 Rxc6 30. Re1 Qxe1+ 31. Rxe1 f6 32. Nd2 Ra7 33. Ba3 Rd7 34. Re2 Rd3 35. Kg1 Rc3 36. Kf2 Rc2 37. c5 Ra2 38. Nc4 Re6 39. Rb2 Kf7 40. Kf3 Ke8 41. Rd2 Rxd2 42. Nxd2 Kd7 43. Ne4 Kc6 44. g4 Re8 45. Nc3 g6 46. Ne4 Rb8 47. Bb2 f5 48. gxf5 gxf5 49. Nc3 Rb4 50. Ke3 Rh4 51. Ba3 Rxh3+ 52. Kd4 h5 53. Ne2 Rh2 54. Kd3 Kd7 55. Nd4 b2 0-1

[Event "Serbia Chess Open 2021"]
[Site "Belgrade SRB"]
[Date "2021.07.06"]
[Round "6.13"]
[White "Toni Lazov"]
[Black "Erigaisi Arjun"]
[Result "0-1"]
[EventDate "?"]
[WhiteElo "2412"]
[BlackElo "2567"]
[PlyCount "58"]

1. e4 e5 2. Nf3 Nc6 3. Nc3 Nf6 4. g3 Bc5 5. Bg2 d6 6. h3 a6 7. O-O h6 8. d3 g5 9. Nd2 Be6 10. Kh2 d5 11. exd5 Nxd5 12. Nde4 Be7 13. f4 exf4 14. Nxd5 fxg3+ 15. Nxg3 Bxd5 16. Qh5 Bd6 17. Bxd5 Bxg3+ 18. Kxg3 Qxd5 19. Bd2 O-O-O 20. Qxf7 Qe5+ 21. Kg2 Qxb2 22. Qb3 Qxb3 23. axb3 Nd4 24. Bc3 Nxc2 25. Bxh8 Rxh8 26. Rac1 Ne3+ 27. Kg3 Nxf1+ 28. Rxf1 Rd8 29. Rf3 Rd4 0-1

[Event "Serbia Chess Open 2021"]
[Site "Belgrade SRB"]
[Date "2021.07.06"]
[Round "7.2"]
[White "Erigaisi Arjun"]
[Black "Igor Kovalenko"]
[Result "0-1"]
[EventDate "?"]
[WhiteElo "2567"]
[BlackElo "2643"]
[PlyCount "100"]

1. e4 c6 2. d4 d5 3. Nc3 dxe4 4. Nxe4 Nd7 5. Bd3 Ngf6 6. c3 Nxe4 7. Bxe4 Nf6 8. Bd3 Bg4 9. Qb3 Qd7 10. Bf4 e6 11. Ne2 Bh5 12. Be5 Bg6 13. O-O-O Ng4 14. Bg3 Bd6 15. Bxg6 hxg6 16. h3 Nf6 17. Bxd6 Qxd6 18. Qxb7 O-O 19. Qa6 Rfb8 20. Qc4 Rb5 21. a4 Ra5 22. Kc2 Nd5 23. b4 Nb6 24. Qd3 Rxa4 25. Ra1 a5 26. Rxa4 Nxa4 27. Ra1 axb4 28. Qc4 c5 29. dxc5 Qe5 30. Ng3 b3+ 31. Qxb3 Qf4 32. f3 Qxg3 33. Rxa4 Qxg2+ 34. Kb1 Rc8 35. Rc4 Qxf3 36. c6 Qd3+ 37. Kb2 Qd2+ 38. Kb1 Qd8 39. Kc2 e5 40. Qb7 Qc7 41. h4 f5 42. Rc5 Kh7 43. Qb3 Qd6 44. Qc4 Rc7 45. Kb3 e4 46. Ka4 e3 47. Kb5 Ra7 48. Qd5 Qb8+ 49. Kc4 e2 50. Qe6 Ra4+ 0-1

[Event "Serbia Chess Open 2021"]
[Site "Belgrade SRB"]
[Date "2021.07.05"]
[Round "5.9"]
[White "Erigaisi Arjun"]
[Black "Zhandos Agmanov"]
[Result "1/2-1/2"]
[EventDate "?"]
[WhiteElo "2567"]
[BlackElo "2404"]
[PlyCount "116"]

1. c4 Nf6 2. Nc3 e5 3. g3 Bb4 4. Bg2 Bxc3 5. bxc3 O-O 6. e4 c6 7. Qb3 Na6 8. Ne2 Re8 9. O-O d6 10. d3 Nc5 11. Qb1 Rb8 12. a4 Be6 13. Be3 Ng4 14. Bxc5 dxc5 15. h3 Nh6 16. g4 Qh4 17. f3 Red8 18. Qc2 f6 19. Nc1 Nf7 20. Qf2 Qxf2+ 21. Kxf2 Nh8 22. Ke3 Ng6 23. Rf2 Nf4 24. Bf1 b5 25. axb5 cxb5 26. cxb5 Rxb5 27. d4 cxd4+ 28. cxd4 Rb7 29. d5 Bd7 30. Rc2 Rdb8 31. Nd3 Nxd3 32. Bxd3 Kf8 33. Rca2 Rb3 34. Rxa7 Bb5 35. Rd1 Rc8 36. Ra2 Rcc3 37. Rad2 Ke7 38. Ke2 Kd6 39. h4 g6 40. h5 gxh5 41. gxh5 h6 42. Bxb5 Re3+ 43. Kf1 Rxf3+ 44. Kg2 Rg3+ 45. Kh2 Rh3+ 46. Kg1 Rhg3+ 47. Kf1 Rgf3+ 48. Rf2 Rxf2+ 49. Kxf2 Rxb5 50. Rg1 f5 51. Rg6+ Kd7 52. Rxh6 fxe4 53. Rh8 Kd6 54. h6 Rb7 55. Ke2 Ra7 56. Rd8+ Kc5 57. d6 Rh7 58. d7 Kd4 1/2-1/2

[Event "Serbia Chess Open 2021"]
[Site "Belgrade SRB"]
[Date "2021.07.04"]
[Round "4.14"]
[White "Peter2 Schreiner"]
[Black "Erigaisi Arjun"]
[Result "0-1"]
[EventDate "?"]
[WhiteElo "2441"]
[BlackElo "2567"]
[PlyCount "118"]

1. d4 d5 2. c4 e6 3. Nf3 Nf6 4. g3 dxc4 5. Bg2 c6 6. Ne5 Bb4+ 7. Bd2 Be7 8. e3 b5 9. b3 cxb3 10. axb3 Bb7 11. Ba5 Qc8 12. O-O Nbd7 13. Nxd7 Qxd7 14. b4 Nd5 15. Qb3 h5 16. Nd2 h4 17. Ne4 Nb6 18. Nd2 f6 19. Rfc1 Kf7 20. Qc2 Nd5 21. Rab1 hxg3 22. hxg3 Rh6 23. Nf1 Nb6 24. e4 Nc4 25. Qc3 Nxa5 26. bxa5 a6 27. Ne3 Rah8 28. Rd1 g6 29. Qb3 Kg7 30. Nc4 Qc8 31. Nb6 Qg8 32. d5 exd5 33. exd5 c5 34. Re1 Bd6 35. Qc3 Rh5 36. Nd7 Qf7 37. Nxf6 Qxf6 38. Qxf6+ Kxf6 39. Re6+ Kg7 40. Rxd6 Rf8 41. Rd1 c4 42. Rb6 Bc8 43. d6 Rf7 44. Rc6 Rh8 45. d7 Bxd7 46. Rxa6 Rc8 47. Rb6 c3 48. a6 c2 49. Rc1 Bf5 50. Rxb5 Rd8 51. Bf3 Rd3 52. g4 Be6 53. Be2 Rd2 54. Re5 Bb3 55. Kf1 Rd1+ 56. Bxd1 cxd1=Q+ 57. Rxd1 Bxd1 58. Ra5 Ra7 59. g5 Bb3 0-1

[Event "Serbia Chess Open 2021"]
[Site "Belgrade SRB"]
[Date "2021.07.03"]
[Round "2.16"]
[White "Eytan Rozen"]
[Black "Erigaisi Arjun"]
[Result "0-1"]
[EventDate "?"]
[WhiteElo "2386"]
[BlackElo "2567"]
[PlyCount "112"]

1. e4 c5 2. c3 d5 3. exd5 Nf6 4. Bb5+ Nbd7 5. c4 a6 6. Bxd7+ Qxd7 7. Nc3 e6 8. dxe6 Qxe6+ 9. Qe2 Bd6 10. d3 O-O 11. Qxe6 Bxe6 12. Nge2 Bf5 13. Bf4 Rad8 14. O-O-O Ng4 15. Rhf1 Bxf4+ 16. Nxf4 Nxh2 17. Rfe1 Ng4 18. Ncd5 Bd7 19. f3 Nh6 20. Ne7+ Kh8 21. Re5 b6 22. Rde1 g6 23. Ned5 Rb8 24. Re7 Rfd8 25. Ne6 Bxe6 26. R1xe6 Kg7 27. Ra7 Nf5 28. Rf6 Rf8 29. Kd2 Nd4 30. Rf4 a5 31. a4 h5 32. Nc7 Kh6 33. Re4 f5 34. Re3 f4 35. Re4 Nc6 36. Ra6 Nb4 37. Ra7 Rfd8 38. Ne6 Rxd3+ 39. Ke2 Rb3 40. Nxf4 Rxb2+ 41. Kf1 Rd8 42. Kg1 Nc6 43. Rb7 Rd1+ 44. Kh2 Nd4 45. Ree7 Rf1 46. Ne6 Nxf3+ 47. Kg3 Ng5 48. Nxg5 Kxg5 49. Kh3 Rh1+ 50. Kg3 h4+ 51. Kf3 Rf1+ 52. Ke3 Rxg2 53. Re5+ Rf5 54. Rxf5+ Kxf5 55. Rxb6 h3 56. Kf3 g5 0-1

[Event "Serbia Chess Open 2021"]
[Site "Belgrade SRB"]
[Date "2021.07.03"]
[Round "3.11"]
[White "Erigaisi Arjun"]
[Black "Drasko Boskovic"]
[Result "1/2-1/2"]
[EventDate "?"]
[WhiteElo "2567"]
[BlackElo "2451"]
[PlyCount "208"]

1. d4 Nf6 2. c4 g6 3. Nc3 d5 4. cxd5 Nxd5 5. e4 Nxc3 6. bxc3 Bg7 7. Qa4+ Nd7 8. Nf3 O-O 9. Be2 Nb6 10. Qb4 Qd6 11. Qb1 c5 12. Ba3 Qf4 13. h3 cxd4 14. cxd4 Bd7 15. O-O Rac8 16. Bc1 Qd6 17. Be3 Qa3 18. Bb5 Bxb5 19. Qxb5 Nc4 20. Bf4 Nd6 21. Qe2 Rc3 22. Rab1 b6 23. e5 Nf5 24. d5 Qa4 25. Bh2 Rc2 26. Qd3 Rxa2 27. Rb3 h5 28. Rc3 Ra1 29. Rc4 Rxf1+ 30. Kxf1 Qa1+ 31. Ke2 b5 32. Rc5 Qh1 33. g4 hxg4 34. hxg4 Nh4 35. Bg3 Nxf3 36. Qxf3 Qa1 37. Qe4 b4 38. e6 b3 39. exf7+ Rxf7 40. Qxg6 Qf6 41. Qxf6 Bxf6 42. Kd3 b2 43. Kc2 Rg7 44. Rc8+ Kf7 45. d6 exd6 46. Bxd6 Rxg4 47. Ba3 Rg2 48. Rc7+ Kg6 49. Bxb2 Rxf2+ 50. Kd3 Rxb2 51. Rxa7 Kf5 52. Ra5+ Be5 53. Ra4 Rb3+ 54. Ke2 Rb7 55. Kf3 Rb3+ 56. Ke2 Rb7 57. Kf3 Rb3+ 58. Ke2 Bf4 59. Ra5+ Kg4 60. Ra8 Re3+ 61. Kd1 Kf3 62. Kc2 Be5 63. Re8 Ke4 64. Kd2 Rb3 65. Ke2 Rb2+ 66. Ke1 Kd4 67. Kf1 Bf4 68. Re2 Rb1+ 69. Kg2 Be3 70. Ra2 Ke4 71. Ra4+ Bd4 72. Kg3 Rg1+ 73. Kh4 Ke5 74. Kh3 Be3 75. Rg4 Rf1 76. Kg2 Rf8 77. Ra4 Bd4 78. Kg3 Ke4 79. Kg4 Rg8+ 80. Kh4 Ke5 81. Kh3 Be3 82. Rg4 Rd8 83. Ra4 Bf4 84. Kg4 Rg8+ 85. Kf3 Rg3+ 86. Ke2 Re3+ 87. Kf2 Rd3 88. Ke2 Rd5 89. Kf3 Rd3+ 90. Ke2 Rc3 91. Ra5+ Ke4 92. Ra4+ Kf5 93. Ra5+ Be5 94. Ra4 Rc8 95. Kf3 Rg8 96. Ke3 Rc8 97. Kf3 Rc3+ 98. Ke2 Rh3 99. Rc4 Bf4 100. Rc5+ Ke4 101. Rc4+ Ke5 102. Ra4 Re3+ 103. Kf2 Re4 104. Rxe4+ Kxe4 1/2-1/2

[Event "Serbia Chess Open 2021"]
[Site "Belgrade SRB"]
[Date "2021.07.02"]
[Round "1.21"]
[White "Erigaisi Arjun"]
[Black "David Sarenac"]
[Result "1-0"]
[EventDate "?"]
[WhiteElo "2567"]
[BlackElo "2289"]
[PlyCount "70"]

1. Nf3 d5 2. c4 e6 3. g3 Nf6 4. Bg2 c6 5. O-O Nbd7 6. d4 dxc4 7. a4 c5 8. Na3 Be7 9. Nxc4 O-O 10. a5 cxd4 11. Nxd4 Qc7 12. b3 Rd8 13. Nb5 Qb8 14. Qc2 Nd5 15. Bxd5 exd5 16. Bf4 dxc4 17. Bxb8 Rxb8 18. bxc4 a6 19. Nc7 Nc5 20. Rfd1 Bd7 21. Nd5 Bf8 22. Nb6 Bc6 23. Rxd8 Rxd8 24. Rd1 Be4 25. Qc1 Nb3 26. Rxd8 Nxc1 27. Nd7 h5 28. Rxf8+ Kh7 29. Rxf7 Nxe2+ 30. Kf1 Nd4 31. Nc5 Bc6 32. Nxb7 Nb3 33. Ke2 Kg6 34. Rc7 Bg2 35. Ke3 1-0

[Event "Goldmoney Asian Rapid"]
[Site "chess24.com INT"]
[Date "2021.06.30"]
[Round "1.21"]
[White "Arjun Erigaisi"]
[Black "Levon Aronian"]
[Result "1/2-1/2"]
[EventDate "2021.06.26"]
[WhiteElo "2567"]
[BlackElo "2781"]
[PlyCount "154"]

1. d4 Nf6 2. c4 c5 3. d5 g6 4. Nc3 Bg7 5. e4 d6 6. Be2 O-O 7. Bg5 h6 8. Be3 Na6 9. h3 Nc7 10. Nf3 b6 11. Qd2 Kh7 12. g4 Nfe8 13. h4 e6 14. O-O-O exd5 15. exd5 f5 16. gxf5 Bxf5 17. Rdg1 Qd7 18. Rg3 a6 19. Rhg1 b5 20. Bd3 bxc4 21. Bxf5 Qxf5 22. Rxg6 Qxf3 23. Bxh6 Bxc3 24. Qc2 Rf5 25. Be3 Bg7 26. R6g5 Qxd5 27. Rxf5 Qd3 28. Qxd3 cxd3 29. b3 a5 30. Kd2 a4 31. Kxd3 axb3 32. axb3 Nf6 33. Bc1 Rb8 34. Bb2 Rxb3+ 35. Kc2 Rxb2+ 36. Kxb2 Ne6 37. Ka3 Nd4 38. Rfg5 Bh6 39. Rg6 Ne8 40. h5 Nf5 41. Ka4 Neg7 42. Rf6 Bd2 43. Kb5 Bc3 44. Rf7 Be5 45. Kc4 Kh6 46. Rf8 Kh7 47. Rf7 Bd4 48. Rg5 Nh6 49. Rd7 Ng8 50. f4 Bf6 51. Rg6 Bd4 52. f5 Kh8 53. Rd8 Kh7 54. Rxg8 Kxg8 55. h6 Kf7 56. hxg7 Bxg7 57. Rxd6 Bd4 58. Kd5 Ke7 59. Re6+ Kf7 60. Ke4 Kg7 61. Kf4 Bf6 62. Rc6 Bd4 63. Kg5 Be3+ 64. Kg4 Bd4 65. Kf4 Kf7 66. Ke4 Ke7 67. Re6+ Kf7 68. Kd5 Kg7 69. Ra6 Kf7 70. Rc6 Ke7 71. Re6+ Kf7 72. Kd6 Bf2 73. Ke5 Bd4+ 74. Kf4 Bc3 75. Rc6 Bd4 76. Rd6 Bb2 77. Rc6 Bd4 1/2-1/2

[Event "Goldmoney Asian Rapid"]
[Site "chess24.com INT"]
[Date "2021.06.30"]
[Round "1.22"]
[White "Levon Aronian"]
[Black "Arjun Erigaisi"]
[Result "1/2-1/2"]
[EventDate "2021.06.26"]
[WhiteElo "2781"]
[BlackElo "2567"]
[PlyCount "88"]

1. c4 c5 2. Nc3 Nc6 3. g3 g6 4. Bg2 Bg7 5. d3 Nf6 6. Rb1 O-O 7. a3 a6 8. b4 cxb4 9. axb4 b5 10. Nf3 bxc4 11. dxc4 Rb8 12. Qa4 Ng4 13. Bd2 Nge5 14. Nxe5 Nxe5 15. b5 Qc7 16. O-O Qxc4 17. Qa5 axb5 18. Bd5 Nc6 19. Bxc4 Nxa5 20. Bxb5 Bb7 21. Na4 Bc6 22. Bxc6 Nxc6 23. Kg2 Rxb1 24. Rxb1 Ra8 25. Nc3 Rb8 26. Rxb8+ Nxb8 27. Nd5 Nc6 28. Nb4 Nd4 29. e3 Nb3 30. Be1 f5 31. Nd3 Kf7 32. Kf3 d6 33. Ke2 Ke6 34. f3 Nc5 35. Nxc5+ dxc5 36. Kd3 Kd5 37. e4+ Kc6 38. Kc4 h5 39. h3 e6 40. g4 Bd4 41. gxf5 exf5 42. exf5 gxf5 43. Bg3 Be3 44. Be5 Bg5 1/2-1/2

[Event "Goldmoney Asian Rapid"]
[Site "chess24.com INT"]
[Date "2021.06.30"]
[Round "1.23"]
[White "Arjun Erigaisi"]
[Black "Levon Aronian"]
[Result "1/2-1/2"]
[EventDate "2021.06.26"]
[WhiteElo "2567"]
[BlackElo "2781"]
[PlyCount "116"]

1. d4 Nf6 2. c4 e6 3. Nf3 d5 4. Nc3 Nbd7 5. cxd5 exd5 6. Bg5 c6 7. e3 h6 8. Bh4 g5 9. Bg3 Nh5 10. Be5 Ng7 11. Bd3 g4 12. Bxg7 Bxg7 13. Ng1 h5 14. Nge2 Nb6 15. Qc2 Be6 16. Nf4 Qd6 17. Nce2 O-O-O 18. O-O-O Kb8 19. Kb1 Rc8 20. Rc1 Nd7 21. Qa4 h4 22. h3 gxh3 23. gxh3 c5 24. Rhg1 Bf6 25. Qa3 Qb6 26. Nc3 Qd6 27. Qxa7+ Kxa7 28. Nb5+ Kb6 29. Nxd6 Rc6 30. Nf5 c4 31. Bc2 Ka5 32. Ng7 Rb6 33. Ngxe6 fxe6 34. Rg6 Rf8 35. Bd1 Bxd4 36. Rc2 Bf6 37. Nh5 Bh8 38. Bg4 Nc5 39. Nf4 Rf6 40. Rg8 Rh6 41. Rc8 Rc6 42. Ra8+ Kb6 43. b4 cxb3 44. axb3 Be5 45. b4 Ne4 46. Nd3 Bd6 47. f4 Nc3+ 48. Kb2 d4 49. Bf3 Nd5 50. exd4 Rxc2+ 51. Kxc2 Nxb4+ 52. Nxb4 Bxb4 53. Rb8 Rh7 54. Re8 Rf7 55. Rxe6+ Ka7 56. Re4 Bd6 57. Bh5 Rxf4 58. Rxf4 Bxf4 1/2-1/2

[Event "Goldmoney Asian Rapid"]
[Site "chess24.com INT"]
[Date "2021.06.30"]
[Round "1.24"]
[White "Levon Aronian"]
[Black "Arjun Erigaisi"]
[Result "1/2-1/2"]
[EventDate "2021.06.26"]
[WhiteElo "2781"]
[BlackElo "2567"]
[PlyCount "92"]

1. c4 c5 2. Nc3 Nc6 3. Nf3 Nf6 4. e3 e5 5. d4 e4 6. d5 exf3 7. dxc6 dxc6 8. Qxd8+ Kxd8 9. gxf3 Be6 10. b3 b6 11. Bb2 Ke7 12. f4 g6 13. Bg2 Rc8 14. Ne4 Bg7 15. Rd1 Rhg8 16. Ng5 Bg4 17. Bf3 Bxf3 18. Nxf3 Ne4 19. Bxg7 Rxg7 20. Ng5 Nf6 21. Ke2 Rgg8 22. Rd3 Rgd8 23. Rhd1 Rxd3 24. Rxd3 b5 25. f3 Rb8 26. Rc3 Nd7 27. Ne4 b4 28. Rc1 a5 29. Kd2 a4 30. Kc2 Ra8 31. Kb2 Kd8 32. Rd1 Kc7 33. Ng5 Re8 34. Rd3 f6 35. Ne4 f5 36. Rxd7+ Kxd7 37. Nf6+ Ke7 38. Nxe8 a3+ 39. Kc2 Kxe8 40. Kd3 Ke7 41. h4 h5 42. Ke2 Ke6 43. Kd3 Ke7 44. Ke2 Ke6 45. Kd3 Ke7 46. Ke2 1/2-1/2

[Event "Goldmoney Asian Rapid"]
[Site "chess24.com INT"]
[Date "2021.06.30"]
[Round "1.31"]
[White "Levon Aronian"]
[Black "Arjun Erigaisi"]
[Result "1-0"]
[EventDate "2021.06.26"]
[WhiteElo "2781"]
[BlackElo "2567"]
[PlyCount "126"]

1. d4 Nf6 2. Nf3 d5 3. e3 Bf5 4. c4 e6 5. Nc3 Bb4 6. Qa4+ Nc6 7. Ne5 O-O 8. Nxc6 Bxc3+ 9. bxc3 bxc6 10. f3 Qd7 11. Be2 Rfb8 12. O-O c5 13. Qa5 cxd4 14. cxd4 h6 15. Ba3 c6 16. Rac1 Rb6 17. Rc3 Rab8 18. Rfc1 Rb1 19. Bf1 h5 20. h4 Bg6 21. Qc5 dxc4 22. Rxc4 Nd5 23. e4 Ne3 24. Rxb1 Rxb1 25. Rc1 Rxc1 26. Bxc1 Nxf1 27. Kxf1 Qb7 28. Kf2 Qa6 29. a3 Qb6 30. Qc3 Qb5 31. Bf4 a5 32. Bd6 a4 33. Bb4 Kh7 34. Qc2 e5 35. dxe5 Qxe5 36. Qxc6 Qh2 37. Qxa4 Qxh4+ 38. Kg1 Qg5 39. Qd1 h4 40. Kh1 h3 41. g4 Qh4 42. Qf1 f6 43. Kh2 Kg8 44. Qxh3 Qf2+ 45. Qg2 Qe3 46. Qg3 Be8 47. Kg2 Ba4 48. Qf2 Qd3 49. Bc5 Bb5 50. Qe3 Qf1+ 51. Kg3 Qc4 52. Bd4 Kf7 53. e5 Qc7 54. f4 fxe5 55. Bxe5 Qd7 56. f5 Qd3 57. Qxd3 Bxd3 58. a4 Bc4 59. a5 g6 60. f6 Ke6 61. Kf4 Ba6 62. Ke3 Kf7 63. g5 1-0